00579nam a2200193Ia 450000500170000000800410001702000220005804000190008004100120009908200170011124500910012825000120021926000350023130000120026650400500027865000270032870000200035585000100037520221117115142.0131103s9999 xx 000 0 und d a140154620cRs.195 aLoreto College aEnglish a954.03 bHAY aSources of Indian Tradition Vol IIb Modern India and Pakistan cedited by Stefhen Hay a2nd ed. aNew DelhibPenguin Booksc1958 a433 p.  aIncludes index and bibliographical references aIndia - Modern History aHay,Stephen;ed. aLCLIB